Statistics for Western Africa Map Quiz - 30 Second Sprint

Click here to take the quiz!

General Stats

  • This quiz has been taken 40 times
  • The average score is 11 of 16

Answers on the Map

Answers color-coded by a green-red scale on the quiz's map according to % correct below.
 

Answer Stats

Answer% Correct
Mali
94%
Mauritania
94%
Nigeria
94%
Burkina Faso
90%
Niger
90%
Cabo Verde
87%
Benin
84%
Senegal
81%
Sierra Leone
74%
Guinea
68%
Ghana
52%
Gambia
48%
Guinea-Bissau
35%
Liberia
29%
Côte d'Ivoire
26%
Togo
23%

Score Distribution

Percentile by Number Answered

Percent of People with Each Score

Your Score History

You have not taken this quiz